01427nam a2200313 a 450000100100000000500170001000800410002704000250006808200150009324501390010826000340024730000200028149000230030149000340032450000330035870000410039170000350043270000360046770000450050370000400054870000400058883000300062883000710065804900090072995201130073895201310085195201140098299900170109600001758620250923111605.0100329s1977 dr 000 0 spa d aDO-SdBNPbspacBNPHU axxxbC731e00aCombinación del estudio y el trabajo en la formación de los profesionales de la salud /cJosé A. Lloréns Figueroa... [et al.]. aSanto Domingo :bUASD,c1977. a62 p. ;c21 cm.1 aUASD críticav121 aPublicaciones de la UASDv228 aLa biblioteca poseeel v. 2281 aLloréns Figueroa, José A.9383501 aAraujo Bernal, Leopoldo9383511 aDouglas Pedroso, Roberto9383521 aPelayo González-Posada, Eduardo9383531 aOrdóñez Carceller, Cosmo9383541 aRodríguez Guerra, Emiliano938355 0aUASD crítican12938356 aPublicaciones de la Universidad Autónoma de Santo Domingo938357 aBNPD 0010718PDaPDbPDcCTd2010-03-29iLF1l0oxxx C731ep17586-10r2020-06-25w2020-06-25yLFPDZNo se presta 0010718PDaPDbPDcCTd2011-04-18iLF1l0oxxx C731ep17586-20r2020-06-25te. 2, extraviadow2020-06-25yLFPDZNo se presta 00107-18PDaPDbPDcOId2010-03-29iLF1l0oxxx C731ep17587-10r2020-06-25w2020-06-25yLFPDZNo se presta c17111d17111